| 000 | 01053cam a2200325 i 4500 | ||
|---|---|---|---|
| 999 |
_c200444377 _d62589 |
||
| 003 | TR-AnTOB | ||
| 005 | 20220729151552.0 | ||
| 007 | ta | ||
| 008 | 060926b tu a r 000 0 tur d | ||
| 040 |
_aTR-AnTOB _beng _erda _cTR-AnTOB |
||
| 041 | 0 | _atur | |
| 044 | _ctu | ||
| 050 | 1 | 4 |
_aNK2865.A1 _bH34 1965 |
| 090 |
_aNK2865.A1 _bH34 1965 |
||
| 245 | 0 | 0 |
_aHalı Semineri : _bözel sayısı / _cSümerbank.. |
| 264 | 1 |
_a[Ankara] : _bSümerbank, _c1965. |
|
| 300 |
_a194 pages : _billustrations ; _c28 cm |
||
| 336 |
_atext _btxt _2rdacontent |
||
| 337 |
_aaracısız _bn _2rdamedia |
||
| 338 |
_avolume _bnc _2rdacarrier |
||
| 650 | 7 |
_aHalılar _zTürkiye _xKongreler. _2etuturkob _955877 |
|
| 650 |
_aRugs _xTurkey _xCongresses. |
||
| 650 |
_aHalılar, Doğu _xTürkiye _xTemalar, motivler. |
||
| 650 |
_aRugs, Oriental _xTurkey _xThemes, motives. |
||
| 650 |
_aHalılar, İslam _xTürkiye _xTemalar, motivler. |
||
| 650 |
_aRugs, Islamic _xTurkey _xThemes, motives. |
||
| 942 |
_2z _cBK |
||